000 00566nam a2200229Ia 4500
003 OSt
005 20221005133309.0
006 a|||||r|||| 00| 0
007 ta
008 221004b |||||||| |||| 00| 0 eng d
024 _a52133
037 _cTextual
040 _aCRL
_cCRL
_beng
041 _2eng
_aeng
082 _aR3xM62:9, H1
100 _aBlyth John W
_9243971
245 0 _aWhitehead's theory of knowledge
260 _c1941
650 _aPHILOSOPHY
942 _hR3xM62:9, H1
_cTEXL
_2cc
999 _c1066371
_d1066371